Kluby z polskiej Ekstraklasy - Statystyki

Ogólne statystyki
  • Ten quiz został rozwiązany 482 razy
  • Średni wynik to 11 z 16
Statystyki odpowiedzi
Kluby z polskiej Ekstraklasy % Poprawnych
Lech Poznań
99%
Legia Warszawa
99%
Pogoń Szczecin
80%
Wisła Kraków
79%
Lechia Gdańsk
77%
Arka Gdynia
73%
Cracovia
71%
Jagiellonia Białystok
71%
Raków Częstochowa
69%
Górnik Zabrze
68%
Wisła Płock
68%
Śląsk Wrocław
67%
Piast Gliwice
58%
Korona Kielce
57%
Zagłębie Lubin
55%
ŁKS Łódź
46%
Nie znaleziono quizów pasujących do podanych kryteriów
Rozkład punktacji
Procent ludzi z każdym wynikiem
Percentyl według liczby udzielonych odpowiedzi
Twoja historia wyników
Nie rozwiązałeś tego quizu